| 000 | 00470cam a2200193ua 4500 | ||
|---|---|---|---|
| 001 | 5123 | ||
| 008 | 150214n ii |||gr||||Z||||||eng | ||
| 040 | _cMAIN | ||
| 041 | _aeng | ||
| 082 | _a821 | ||
| 100 |
_aBrowning, Robert, _eAuthor, |
||
| 245 |
_aMen and women _cby Robert Browning |
||
| 250 | _a2nd. | ||
| 260 |
_aBareilly: _bPrakash book depot, _c1991. |
||
| 300 |
_a399p: _c23cm. |
||
| 653 | _aEnglish poetry | ||
| 700 |
_aMundra, S. C., _eEditor, |
||
| 942 | _cBK | ||
| 999 |
_c4305 _d4305 |
||